Statistiques concernant Culture Générale - Série 1439

Cliquez ici pour prendre le quiz!

Statistiques générales

  • Ce quiz a été pris 83 fois
  • Le résultat moyen est 5 sur 10

Statistiques - réponses

QuestionRéponse% Correct
Parmi les Sept Merveilles du monde, figuraient les jardins suspendus de...Babylone
100%
Dans quel pays se trouve le désert de Namib ?Namibie
90%
Quel type d'aliment sont le "chaource" et le "livarot" ?fromages
83%
Quel ensemble de cinq chiffres précède le nom de la commune sur le libellé d'une adresse et permet le tri automatique du courrier ?code postal
82%
Quel était le prénom du père de Jean-Michel Jarre, lui aussi compositeur ?Maurice
44%
Dans la Grèce antique, dans quelle ville se trouvait le sanctuaire où l'on pouvait consulter la Pythie ?Delphes
44%
Quelle chanteuse britannique (initiales PC) interprète : "Coeur Blessé", en 1962 ?Petula Clark
38%
Comment s'appelle le héros de bande dessinée américain, parfois rebaptisé en français Guy l'Éclair ?Flash Gordon
26%
Qui chante “La Musica”, en 1972 ?Patrick Juvet
24%
Quel était le premier prénom du marquis de Sade ?Donatien
12%

Distribution des résultats

Percentile par nombre de réponses

% des personnes avec chaque résultat

Votre développement - résultats

Vous n’avez pas pris ce quiz